书目信息 |
| 题名: |
行到水穷处, 坐看云起时
|
|
| 作者: | 红豆 著 | |
| 分册: | ||
| 出版信息: | 北京 中国华侨出版社 2021.03 |
|
| 页数: | 247页 | |
| 开本: | 21cm | |
| 丛书名: | ||
| 单 册: | ||
| 中图分类: | K825.6=422 | |
| 科图分类: | ||
| 主题词: | 诗人--shi ren--传记--中国--唐代 | |
| 电子资源: | ||
| ISBN: | 978-7-5113-8449-2 | |
| 000 | 01019nam0 2200277 450 | |
| 001 | CAL 0120217136809 | |
| 005 | 20230217093112.0 | |
| 010 | @a978-7-5113-8449-2@dCNY38 | |
| 092 | @aCN@bRt971-2633 | |
| 100 | @a20210408d2021 em y0chiy0120 ea | |
| 101 | 0 | @achi |
| 102 | @aCN@b110000 | |
| 105 | @aa z 000yb | |
| 106 | @ar | |
| 200 | 1 | @a行到水穷处, 坐看云起时@Axing dao shui qiong chu , zuo kan yun qi shi@e王维诗传@f红豆著 |
| 210 | @a北京@c中国华侨出版社@d2021.03 | |
| 215 | @a247页@c图@d21cm | |
| 300 | @a侨见悦读汇 | |
| 330 | @a本书记叙了王维从少年得志到仕途曲折, 从被迫附逆到因诗获免, 从夫妻情深到半生鳏居的人生历程, 也展现了他与佛结缘的心路历程。书中以王维的经典诗歌为引, 用简练清朗的笔法将盛唐山水田园诗人王维的一生娓娓道来。 | |
| 517 | 1 | @a王维诗传@Awang wei shi zhuan |
| 600 | 0 | @a王维,@Awang wei@f699-759@x传记 |
| 606 | 0 | @a诗人@Ashi ren@x传记@y中国@z唐代 |
| 690 | @aK825.6=422@v5 | |
| 701 | 0 | @a红豆@Ahong dou@4著 |
| 801 | 0 | @aCN@bBJXHZP@c20230228 |
| 905 | @b1383262-5@dK825.6=422@e1535@f4 | |
| 行到水穷处, 坐看云起时:王维诗传/红豆著.-北京:中国华侨出版社,2021.03 |
| 247页:图;21cm |
| 侨见悦读汇 |
| ISBN 978-7-5113-8449-2:CNY38 |
| 本书记叙了王维从少年得志到仕途曲折, 从被迫附逆到因诗获免, 从夫妻情深到半生鳏居的人生历程, 也展现了他与佛结缘的心路历程。书中以王维的经典诗歌为引, 用简练清朗的笔法将盛唐山水田园诗人王维的一生娓娓道来。 |
| ● |
| 相关链接 |
|
|
|
|
正题名:行到水穷处, 坐看云起时
索取号:K825.6=422/1535
 
预约/预借
| 序号 | 登录号 | 条形码 | 馆藏地/架位号 | 状态 | 备注 |
| 1 | 1383262 | 213832628 | 第二样本阅览室/ [索取号:K825.6=422/1535] | 在馆 | |
| 2 | 1383263 | 213832637 | 第二借阅区/ [索取号:K825.6=422/1535] | 在馆 | |
| 3 | 1383264 | 213832646 | 第二借阅区/ [索取号:K825.6=422/1535] | 在馆 | |
| 4 | 1383265 | 213832655 | 第二借阅区/ [索取号:K825.6=422/1535] | 在馆 |